The Youngest Suspect (Record no. 20871)

MARC details
000 -LEADER
fixed length control field 00311nam a22001337a 4500
020 ## - INTERNATIONAL STANDARD BOOK NUMBER
ISBN 978-93-5029-383-6
082 ## - DEWEY DECIMAL CLASSIFICATION NUMBER
Classification number 823 MOH
100 ## - MAIN ENTRY--AUTHOR NAME
Author name Mohan, Peggy
245 ## - TITLE STATEMENT
Title The Youngest Suspect
260 ## - PUBLICATION, DISTRIBUTION, ETC. (IMPRINT)
Place of publication New Delhi
Name of publisher Harper Collins Publications
Year of publication 2012
300 ## - PHYSICAL DESCRIPTION
Number of Pages 242
650 ## - SUBJECT ADDED ENTRY--TOPICAL TERM
Topical Term English-Fiction
942 ## - ADDED ENTRY ELEMENTS (KOHA)
Koha item type Books
Holdings
Home library Current library Shelving location Date acquired Cost, normal purchase price Full call number Accession Number Koha item type
Henry Martyn Institute Library Henry Martyn Institute Library General stacks 03/06/2018 299.00 823 MOH 11-3621 Books
                   Copyright © 2026 | Henry Martyn Institute | Hyderabad | TS-500052 | INDIA | Implemented by hmi.edu.in
Hit-Count:

Powered by Koha